000 00528nam a2200181Ia 4500
001 9234
005 20260306160708.0
008 260306t2012||||xx |||||||||||||| ||spa||
041 _aESP
082 _a378
_bI59A
100 _aInstituto Peruano de Evaluación Acreditación y Certificación de la Calidad de la Educación
_eAUT
245 0 _aProcedimiento para la evaluación y certificación de competencias profesionales
260 _c2012
300 _a
_c
650 _aGEN
654 _aCED
942 _cLIB
_dJUS
_fJUS
_2ddc
_n
999 _c9234
_d9234